00502cam a22002171 4500001001300000003000400013005001700017008004100034010001700075035002000092040001800112042001200130050001800142100002200160245002600182260001100208300001900219500001600238500001300254999001700267sa 68009031 DLC20260227112539.0890621s1968 ii 000 1 beno  asa 68009031  a(OCoLC)19906529 aDLCcWaUdDLC apremarc00aPK1718.B6bG61 aBose, Buddhadeva.10aGolāpa kena kālo. c[1968] a168 p.c22 cm. aIn Bengali. aA novel. c82667d82667